000 01388nam a2200241Ia 4500
999 _c38005
_d38005
001 3989
003 GE_BSU
005 20190903162029.0
008 181216s1981||||ge |||||||||||||| ||g ||
040 _cGE_BSU
041 _ageo
080 _a574.3+316.3 გ–26
100 _aგეგეშიძე, გ.
_92192
245 _aეკოლოგიის კულტურულ–ისტორიული და სოციალური პრობლემები საქართველოში /
_cრედ. ალ. ასლანიკაშვილი ; ივ. ჯავახიშვილის სახ. ისტორიის, არქეოლოგიისა და ეთნოგრაფიის ინ-ტი.
264 _aთბ. :
_bმეცნიერება,
_c1981.
300 _a164 გვ. ;
_b21 სმ.
501 _aსაგნობრივი საძიებელი: გვ. 162-164.
520 _aრეზ. რუს.
653 _aსაქართველოს ეკოლოგია
700 _aასლანიკაშვილი, ალ.
_eრედაქტორი
_93891
710 _aივ. ჯავახიშვილის სახ. ისტორიის, არქეოლოგიისა და ეთნოგრაფიის ინ-ტი.
_91177
942 _cBK
_2udc